000 00342cam a22001217a 4500
008 180718b2008 xxu||||| |||| 00| 0 eng d
082 _aA6x54 P273
100 _aPathak, Amit
245 _a1857: living history
_cby Amit Pathak
260 _aJhansi
_bGovernment Museum
_c2008
300 _a314p.
650 _aIndia - Politics and government -1857
999 _c500972
_d500972